Svět a věda u Ludwiga von Misese esej o misesovské metafyzice
Rekonštrukcia a analýza poňatia sveta v diele ekonomického mysliteľa Ludwiga von Misesa.
Gespeichert in:
| 1. Verfasser: | |
|---|---|
| Format: | Buchkapitel |
| Sprache: | Tschechisch |
| Schlagworte: | |
| Tags: |
Keine Tags, Fügen Sie das erste Tag hinzu!
|
MARC
| LEADER | 00000naa a2200000 4500 | ||
|---|---|---|---|
| 001 | 0151538 | ||
| 005 | 20231211124606.4 | ||
| 041 | 0 | |a cze | |
| 044 | |a SK | ||
| 245 | 1 | 0 | |a Svět a věda u Ludwiga von Misese |b esej o misesovské metafyzice |c Petr Špecián |
| 520 | |a Rekonštrukcia a analýza poňatia sveta v diele ekonomického mysliteľa Ludwiga von Misesa. | ||
| 610 | 2 | 0 | |a filozofia |
| 610 | 2 | 0 | |a dejiny myslenia ekonomického |
| 610 | 2 | 0 | |a veda |
| 610 | 2 | 0 | |a Mises, L. |
| 100 | 1 | |a Špecián, Petr | |